Paramount Chinese-English-Urdu Dictionary (Record no. 3432)

000 -LEADER
fixed length control field 00596nam a22001457a 4500
020 ## - INTERNATIONAL STANDARD BOOK NUMBER
International Standard Book Number 9789696371823
082 ## - DEWEY DECIMAL CLASSIFICATION NUMBER
Classification number 495.1321
100 ## - MAIN ENTRY--PERSONAL NAME
Personal name Syed Hasan Javed
245 ## - TITLE STATEMENT
Title Paramount Chinese-English-Urdu Dictionary
260 ## - PUBLICATION, DISTRIBUTION, ETC.
Place of publication, distribution, etc. Karachi
Name of publisher, distributor, etc. Paramount Books
Date of publication, distribution, etc. 2016
300 ## - PHYSICAL DESCRIPTION
Extent 504p
942 ## - ADDED ENTRY ELEMENTS (KOHA)
Koha item type Book
Holdings
Withdrawn status Lost status Damaged status Not for loan Collection code Permanent Location Current Location Shelving location Date acquired Full call number Barcode Date last seen Price effective from Koha item type Source of classification or shelving scheme Total Checkouts Total Renewals Date last checked out
          Central Library (CL) Central Library (CL) Chinese Studies 06/23/2016 495.1321 HAS S3H-D-156 07/17/2023 06/23/2016 Book        
          Central Library (CL) Central Library (CL) Chinese Studies 02/21/2017 495.1321 HAS S3H-D-170 03/05/2022 02/21/2017 Book   2 1 03/04/2019
© 2023 Central Library, National University of Sciences and Technology. All Rights Reserved.